00565nam a2200157Ia 4500008004000000082001500040100002400055245006500079260004500144300001400189650003200203690001500235906001200250999001900262952012600281210210b1956 xxu||||| |||| 00| 0 eng d a142.7 SARB aSARTRE (Jean-Paul). aBeing and nothingness:an essay on phenomenological ontology. aNew York.bPhilosophical Library.,c1956 alxvii,636 aPhenomenology Meditation aPhilosophy aSG02354 c113306d113306 001040708PhilosophyaALbALcPhilosophyd2021-02-17g0.00l0o142.7 SARBpSG02354r2021-02-17 00:00:00w2021-02-17ySG